<?xml version="1.0" encoding="UTF-8"?>
<marc:record xmlns:marc="http://www.loc.gov/MARC21/slim">
   <marc:leader>00000nam a2200000 a 4500</marc:leader>
   <marc:datafield ind1="1" ind2=" " tag="100">
      <marc:subfield code="a">Weitzel, Willi</marc:subfield>
      <marc:subfield code="4">aut</marc:subfield>
      <marc:subfield code="e">Verfasser/-in</marc:subfield>
   </marc:datafield>
   <marc:datafield ind1=" " ind2=" " tag="653">
      <marc:subfield code="a">Reptilien</marc:subfield>
   </marc:datafield>
   <marc:datafield ind1=" " ind2=" " tag="653">
      <marc:subfield code="a">Spinnentiere</marc:subfield>
   </marc:datafield>
   <marc:datafield ind1=" " ind2=" " tag="653">
      <marc:subfield code="a">Vogelspinne</marc:subfield>
   </marc:datafield>
   <marc:datafield ind1=" " ind2=" " tag="653">
      <marc:subfield code="a">Insekten</marc:subfield>
   </marc:datafield>
   <marc:datafield ind1=" " ind2=" " tag="653">
      <marc:subfield code="a">Schädlingsbekämpfung</marc:subfield>
   </marc:datafield>
   <marc:datafield ind1="0" ind2="0" tag="245">
      <marc:subfield code="a">Wer kuschelt mit den Krabbeltieren?</marc:subfield>
   </marc:datafield>
   <marc:datafield ind1="0" ind2="0" tag="245">
      <marc:subfield code="b">Das kreucht und fleucht und summt und brummt!</marc:subfield>
   </marc:datafield>
   <marc:datafield ind1="0" ind2="0" tag="245">
      <marc:subfield code="c">Weitzel, Willi</marc:subfield>
   </marc:datafield>
   <marc:datafield ind1=" " ind2="1" tag="264">
      <marc:subfield code="c">2010</marc:subfield>
   </marc:datafield>
   <marc:datafield ind1="1" ind2=" " tag="490">
      <marc:subfield code="a">Willi will´s wissen</marc:subfield>
   </marc:datafield>
   <marc:datafield ind1="1" ind2=" " tag="520">
      <marc:subfield code="a">"Wer kuschelt mit den Krabbeltieren?"&#xD;
Dieses Mal möchte Willi alles über Reptilien und Spinnentiere herausfinden und dafür geht es zunächst zum Terrazoo in Rheinberg. Dort hilft Willi dem Tierpfleger Christian beim Reinigen der Schlangenterrarien. Weiter geht es zu Marc nach Düsseldorf. Marc hat ganz außergewöhnliche Haustiere: Vogelspinnen! In München besucht Willi die Reptilien-Auffangstation und sieht hautnah die giftigen Zähne einer tödlichen Gabunviper. Und dann darf Willi bei der OP einer Schildechse dabei sein. Ganz schön mutig unserer Willi!&#xD;
&#xD;
"Das kreucht und fleucht und summt und brummt!"&#xD;
Über 1 Millionen Insektenarten sind weltweit bekannt. Alle kann Willi natürlich nicht kennen lernen, aber einige schon! Los geht es in München im Schmetterlingshaus des Botanischen Gartens. Weiter geht es in der Zoologischen Staatssammlung, in der unzähligen Käfer, Fliegen, Heuschrecken, Bienen, Schaben und Falter in Schaukästen archiviert werden. Zum Schluss hilft Willi noch dem Schädlingsbekämpfer Björn ein Wespennest umzusiedeln.</marc:subfield>
   </marc:datafield>
   <marc:datafield ind1="3" ind2=" " tag="024">
      <marc:subfield code="a">3493800501056</marc:subfield>
   </marc:datafield>
   <marc:datafield ind1=" " ind2=" " tag="041">
      <marc:subfield code="a">ger</marc:subfield>
   </marc:datafield>
   <marc:datafield ind1=" " ind2=" " tag="300">
      <marc:subfield code="a">1 DVD</marc:subfield>
   </marc:datafield>
</marc:record>
